| 000 | 00992cab a22002535a 4500 | ||
|---|---|---|---|
| 001 | L158939 | ||
| 008 | 151016e20151016xxk 000 0 eng d | ||
| 035 | _a(Sirsi) u158939 | ||
| 041 | 0 | _aeng | |
| 100 | 1 | _aMcCabe, Jess | |
| 245 | 0 | 0 | _aIs energy efficiency work creating damp problems for social landlords and tenants |
| 260 | _c2015 | ||
| 490 |
_aInside Housing _v16 October 2015, 28-3024-26(3) |
||
| 520 | _aInvestigates whether energy efficiency work such as insultation designed to improve the sustainability of social housing is causing damp problems by interfering with ventilation. Features case study of Liverpool Housing Trusts investigation work into causes of damp which is being advised by building pathologist Mike Parrett. | ||
| 590 | _aKA | ||
| 650 | 2 | 4 | _aDAMP |
| 650 | 2 | 4 | _aCONDENSATION |
| 650 | 2 | 4 | _aVENTILATION |
| 651 | 4 |
_aUnited Kingdom _y |
|
| 690 |
_aSustainability _96271 |
||
| 690 |
_aEnergy _96237 |
||
| 690 |
_aResidential property _96266 |
||
| 942 | _n0 | ||
| 999 |
_c84740 _d84740 |
||